000 00585nam a2200229Ia 4500
005 20260320201135.0
008 008 262003s9999 xx 000 0 eng d
037 _aEBOOK
040 _aCRL
040 _beng
040 _cCRL
041 _2eng
041 _aeng
084 _qCRL
245 0 _aSmart Cyber-Physical Power Systems, Volume 1: Fundamental Concepts, Challenges, and Solutions
260 _bIEEE
260 _c2025
856 _uhttps://ieeexplore.ieee.org/servlet/opac?bknumber=10902339
942 _cEBOOK
999 _c1719163
_d1719163